|
|
|
|
| LEADER |
01381nam a2200313 a 4500 |
| 001 |
000064882 |
| 003 |
CZ BrMZK |
| 005 |
19950407143423.0 |
| 008 |
950407s1995 xo f slo d |
| 020 |
|
|
|a 80-967339-3-1
|
| 040 |
|
|
|a BOA001
|b cze
|
| 080 |
|
|
|a 371"313"(063)
|2 MRF
|
| 080 |
|
|
|a 37.014:371"313"(063)
|2 MRF
|
| 080 |
|
|
|a 37.01"313"(063)
|2 MRF
|
| 080 |
|
|
|a 37.03"313"(063)
|2 MRF
|
| 245 |
0 |
0 |
|a Zborník z vedeckej konferencie Technológie vzdelávania tretieho tisícročia :
|b [Nitra 14. - 17. júna 1995].
|n Časť 2 /
|c [zborník zostavili: Alena Hašková, ... et al.].
|
| 246 |
3 |
4 |
|a Educational technologies for the third millennium
|
| 246 |
1 |
|
|a Zborník 2
|
| 260 |
|
|
|a Nitra :
|b Slovdidac,
|c 1995
|
| 300 |
|
|
|a 264 s. :
|b tab., grafy, diagramy, schémata ;
|c 21 cm
|
| 500 |
|
|
|a Náz. též angl. - Text též něm., čes., angl. - Vyd. Vysoká škola pedagogická v Nitře. - Bibliogr. na konci někt. statí. - Souhrny angl.
|
| 653 |
0 |
|
|a didaktika
|a konference
|a vzdělání
|a vzdělávací politika
|a vzdělávání
|a výchova
|
| 700 |
1 |
|
|a Hašková, Alena,
|d 1962-
|4 com
|
| 910 |
|
|
|a BOA001
|b PK-0124.699,2
|
| 964 |
|
|
|a Vzdělávání
|x sborníky
|
| 964 |
|
|
|a Výchova
|x konference
|x sborníky
|
| 964 |
|
|
|a Vzdělání
|x konference
|x sborníky
|
| 990 |
|
|
|a BK
|
| 996 |
7 |
|
|b 3119002837
|c PK-0124.699,2
|l MZK
|r Sklad / do 1 hodiny
|n 3
|p kup
|w 000064882
|u 000010
|a 1
|e BOA001
|j MZK50
|s A
|